000 00766nam a2200241 4500
001 16486
003 HDC
007 cr bn ---aaaaa
008 210221c mydr|noo 0 a may d
040 _aHDC
245 0 _aPakar genetik Amerika hasilkan khinzir klon kecil
260 _aMalaysia:
_bUtusan Malaysia,
_c2003
336 _atext
_2rdacontent
337 _acomputer
_2rdamedia
338 _aonline resource
_2rdacarrier
650 _aclone industry
_916262
650 _agenetic
_99066
710 _aUtusan Malaysia
856 _zRequest full-text at [email protected]
942 _2lcc
942 _cNEWS
942 _kNSWO 008449
999 _c13802
_d13802